000 00245nam a2200121Ia 4500
100 _aGODBOLE ACHYUT S.
942 _cBK
245 _aKIMAYAGAR
260 _bRajhans Prakashan
_c2008
082 _a809.9/GOD
300 _a591
546 _aENGLISH
999 _c18918
_d18918